[Event "25th Troya Open 2017"]
[Site "Canakkale"]
[Date "2017.08.11"]
[Round "7.5"]
[White "Yerden, Huseyin Eren"]
[Black "Alaz, Ahmet Efekan"]
[Result "0-1"]
[WhiteElo "1816"]
[BlackElo "2048"]
[Annotator "NA RC"]
[PlyCount "178"]
[EventCountry "TUR"]
[SourceTitle "playchess.com"]
[Source "ChessBase"]
[SourceQuality "1"]
[TimeControl "5400+30"]

{[%evp 11,176,0,0,7,16,0,22,9,16,-11,0,-22,-16,-6,19,-35,-32,-45,-33,-33,-7,-36,-22,-10,16,20,12,0,16,11,33,1,0,0,0,-50,-39,-41,0,0,0,0,0,10,4,-40,0,0,10,32767,32767,32767,32767,32767,32767,32767,32767,32767,32767,32767,32767,32767,32767,32767,32767,-35,-35,-141,-133,-200,0,0,0,-35,20,-44,0,0,0,-102,-89,-81,0,-47,-41,-129,0,0,75,66,110,143,131,142,118,32767,32767,32767,32767,32767,32767,32767,32767,32767,32767,32767,32767,32767,32767,32767,32767,32767,32767,32767,32767,32767,32767,32767,32767,32767,32767,32767,32767,32767,32767,32767,32767,32767,32767,32767,32767,32767,32767,32767,32767,32767,32767,32767,32767,32767,32767,32767,32767,32767,29988,29989,29989,29990,29990,29991,29991,32767,32767,32767,32767,32767,32767,32767,32767,133,880,-711,-12834,-1454,-5202,-12841,-12843]} 1. d4 {[%emt 0:00:30]} Nf6 {[%emt 0:01:00]} 2. c4 {[%emt 0:00:30]} e6 {[%emt 0:00:30]} 3. g3 {[%emt 0:00:30]} d5 {[%emt 0:00:30]} 4. Nf3 {[%emt 0:00:30]} Bb4+ {[%emt 0:00:30]} 5. Bd2 {[%emt 0:00:30]} Be7 {[%emt 0:00:30]} 6. Bg2 {[%emt 0:00:30]} c6 {[%emt 0:00:30]} 7. Qc2 {[%emt 0:00:30]} O-O {[%emt 0:00:30]} 8. O-O {[%emt 0:00:30]} Nbd7 {[%emt 0:00:30]} 9. b3 {[%emt 0:01:30]} b6 {[%emt 0:00:30]} 10. a4 {[%emt 0:08:30] E11: Bogo-Indian} (10. Rd1 a5 11. Bc3 Bb7 12. Nbd2 Qc7 13. Rac1 c5 14. Bb2 dxc4 15. Nxc4 b5 16. Nce5 Nxe5 17. Nxe5 Bxg2 18. Kxg2 {0-1 (55) Inarkiev,E (2727)-Jakovenko,D (2718) Poikovsky 2017}) 10... a5 {[%emt 0:07:30] LiveBook: 3 Games} 11. Bf4 {[%emt 0:01:30]} Bb7 $146 {[%emt 0:07:30]} ({Predecessor:} 11... Ba6 12. Nbd2 Nh5 13. Be3 Nhf6 14. Bf4 Nh5 {½-½ (14) Blagojevic,D (2508)-Abramovic,B (2524) Banja Koviljaca 2002}) 12. Nc3 {[%emt 0:02:30]} Rc8 {[%emt 0:00:30]} 13. Rad1 {[%emt 0:03:30]} Ba6 {[%emt 0:11:30]} 14. Nd2 {[%emt 0:08:30]} c5 {[%emt 0:22:30]} 15. dxc5 {[%emt 0:03:30]} Bxc5 {[%emt 0:02:30]} 16. Nb5 {[%emt 0:06:30]} Bxb5 {[%emt 0:04:30]} 17. axb5 {[%emt 0:01:30]} h6 {[%emt 0:01:30]} 18. Nf3 {[%emt 0:05:30]} Qe7 {[%emt 0:06:30]} 19. Be5 {[%emt 0:08:30]} dxc4 {[%emt 0:03:30]} 20. bxc4 {[%emt 0:00:30]} Nd5 {[%emt 0:07:38]} 21. Qd3 {[%emt 0:07:30]} Nxe5 {[%emt 0:01:26]} 22. Nxe5 {[%emt 0:00:30]} Nb4 {[%emt 0:00:00]} 23. Qd7 {[%emt 0:00:30]} Qf6 {[%emt 0:02:17]} 24. Nc6 {[%emt 0:04:30]} Qc3 {[%emt 0:11:57]} 25. Rc1 {[%emt 0:02:30]} Qb2 {[%emt 0:00:38]} 26. Bf3 {[%emt 0:03:30]} Rfe8 {[%emt 0:01:54]} 27. Rb1 {[%emt 0:02:30]} Qf6 {[%emt 0:01:05]} 28. Rfd1 {[%emt 0:01:30]} e5 {[%emt 0:02:17]} (28... h5 $5) 29. Rf1 {[%emt 0:01:30]} Nc2 {[%emt 0:00:34]} 30. Bg4 {[%emt 0:02:30]} Ra8 {[%emt 0:00:30]} 31. Qd5 {[%emt 0:00:30]} Nd4 {[%emt 0:00:30]} 32. e3 {[%emt 0:00:30]} Nf5 {[%emt 0:00:30]} 33. Rbd1 {[%emt 0:00:30]} a4 {[%emt 0:02:05]} 34. Bf3 {[%emt 0:09:14]} Rac8 {[%emt 0:00:30]} 35. Bg4 {[%emt 0:00:30]} Ra8 {[%emt 0:00:30]} 36. Bf3 {[%emt 0:00:30]} Rac8 {[%emt 0:00:30]} 37. Bg4 {[%emt 0:00:30]} Rc7 {[%emt 0:00:30]} 38. Kg2 {[%emt 0:01:07]} g6 {[%emt 0:00:31]} 39. e4 {[%emt 0:00:45]} (39. Bxf5 $11 Qxf5 40. e4) 39... Nd4 {[%emt 0:00:28]} 40. f4 {[%emt 0:00:42] [#]} Nxc6 $2 {[%emt 0:00:36]} (40... Nc2 $1 $19 {[%cal Rc2e3]} 41. Rd3 exf4) 41. bxc6 {[%emt 0:00:07]} exf4 {[%emt 0:00:23]} 42. Rxf4 {[%emt 0:00:22]} Qb2+ {[%emt 0:00:32]} 43. Rd2 {[%emt 0:00:15]} (43. Kh3 $11) 43... Qe5 {[%emt 0:00:34]} (43... Qg7 $1 $15 44. Rf1 a3) 44. Bd7 $1 {[%emt 0:05:59]} Re7 {[%emt 0:00:02]} 45. Rg4 {[%emt 0:01:45]} Kg7 {[%emt 0:00:35]} 46. Rf4 {[%emt 0:00:31] [#]} Kg8 {[%emt 0:00:57]} ({Black should play} 46... f6 $1 $17 47. Re2 a3) 47. Rg4 {[%emt 0:00:06]} Kf8 {[%emt 0:00:24]} 48. Rd1 {[%emt 0:02:20]} Be3 {[%emt 0:00:26]} ({Black should play} 48... g5 $17 49. h4 a3 50. hxg5 hxg5) 49. Rf1 {[%emt 0:01:10]} Qxd5 {[%emt 0:00:35]} (49... Qb2+ $11 {remains equal.} 50. Kh3 Bg5) 50. cxd5 {[%emt 0:00:48]} Rexd7 {[%emt 0:00:32]} 51. cxd7 {[%emt 0:00:24]} Rxd7 {[%emt 0:00:17]} 52. Rxg6 $1 {[%emt 0:00:47]} a3 {[%emt 0:00:23]} 53. Rc6 {[%emt 0:00:52]} Ra7 {[%emt 0:00:30]} 54. Ra1 {[%emt 0:00:30]} Bd4 {[%emt 0:00:30]} 55. Ra2 {[%emt 0:00:30]} b5 {[%emt 0:00:30]} 56. Rc8+ {[%emt 0:00:30]} Ke7 {[%emt 0:00:30]} 57. Rb8 {[%emt 0:00:30]} Ra5 {[%emt 0:00:30]} 58. Rb7+ {[%emt 0:00:30]} Kd6 {[%emt 0:00:30]} 59. Kf3 {[%emt 0:00:30]} Kc5 {[%emt 0:00:30]} 60. Rc7+ {[%emt 0:00:30]} Kb4 {[%emt 0:00:30]} 61. d6 {[%emt 0:00:30]} Ra8 {[%emt 0:00:30]} 62. d7 {[%emt 0:00:30]} Rd8 {[%emt 0:00:30]} 63. Rd2 {[%emt 0:00:30]} Bc3 {[%emt 0:00:30]} 64. Rc2 {[%emt 0:02:54]} Bf6 {[%emt 0:01:14]} 65. Kf4 {[%emt 0:00:30]} Kb3 {[%emt 0:00:30]} 66. e5 {[%emt 0:00:30]} Bg5+ {[%emt 0:00:30]} 67. Ke4 {[%emt 0:00:30]} b4 {[%emt 0:00:30]} 68. h4 {[%emt 0:00:30]} Be7 {[%emt 0:00:30]} 69. Rd2 {[%emt 0:00:30]} Ra8 {[%emt 0:00:30]} 70. Rd3+ {[%emt 0:00:30]} Ka4 {[%emt 0:00:30]} 71. Rc2 {[%emt 0:00:30]} Rd8 {[%emt 0:00:30]} 72. Rc7 {[%emt 0:00:30]} Ra8 {[%emt 0:00:30]} 73. Rc2 {[%emt 0:00:30]} b3 {[%emt 0:00:30]} 74. Rc4+ {[%emt 0:00:30]} Kb5 {[%emt 0:00:30]} 75. Kd5 {[%emt 0:00:30]} b2 {[%emt 0:00:00]} 76. Rb3+ {[%emt 0:00:45]} Ka5 {[%emt 0:00:06]} 77. Rc8 {[%emt 0:00:00]} Ka4 {[%emt 0:01:00]} 78. Kc4 {[%emt 0:00:16]} Ra7 {[%emt 0:00:28]} 79. Rb4+ {[%emt 0:01:02]} Ka5 {[%emt 0:00:28] [#]} 80. Rc5+ $1 {[%emt 0:00:44]} Ka6 {[%emt 0:00:25]} 81. Rc6+ {[%emt 0:00:54]} Ka5 {[%emt 0:00:06]} 82. Rc5+ {[%emt 0:00:03]} Ka6 {[%emt 0:00:07]} 83. Ra4+ {[%emt 0:00:32]} Kb7 {[%emt 0:00:20]} 84. Rb5+ {[%emt 0:00:58]} Ka8 {[%emt 0:00:07]} 85. Rxa7+ {[%emt 0:00:02]} Kxa7 {[%emt 0:00:07]} 86. Ra5+ $4 {[%emt 0:00:30]} (86. Kc3 $18 Ka6 87. Rb3) 86... Kb6 {[%emt 0:00:14]} 87. Ra8 {[%emt 0:00:32] [#]} a2 $19 {[%emt 0:00:23]} 88. Rb8+ {[%emt 0:00:31]} Kc7 {[%emt 0:00:27]} 89. Rxb2 {[%emt 0:00:56]} a1=Q {[%emt 0:00:05]} 0-1

[Event "25th Troya Open 2017"]
[Site "Canakkale"]
[Date "2017.08.11"]
[Round "7.6"]
[White "Guseynov, Alihan"]
[Black "Tasan, Mehmet Askin"]
[Result "1-0"]
[WhiteElo "2399"]
[BlackElo "1957"]
[Annotator "TA"]
[PlyCount "39"]
[EventCountry "TUR"]
[SourceTitle "playchess.com"]
[Source "ChessBase"]
[SourceQuality "1"]

{[%evp 18,39,60,76,134,148,147,143,139,129,132,136,138,125,241,232,484,475,674,686,2312,2313,2200,2235]} 1. c4 Nf6 2. Nf3 c5 3. d4 cxd4 4. Nxd4 Nc6 5. Nc3 g6 6. g3 Bg7 7. Bg2 O-O 8. O-O a6 9. c5 Nxd4 10. Qxd4 {LiveBook: 12 Games} Ne8 {A39: Symmetrical English vs ...g6: 4 Bg2 Bg7 5 Nf3 Nf6 6 0-0 0-0 7 d4} ({Better is} 10... d6) 11. Qh4 $16 Bf6 12. Bg5 Bxg5 {White is clearly better.} 13. Qxg5 d6 $146 ({Predecessor:} 13... Ng7 14. Nd5 f6 15. Qe3 e6 16. Nb6 Rb8 17. Rfd1 Rf7 18. Qf4 {1-0 (32) Jatoba de Oliveira Reis,P (2419)-Maia,J (1989) Natal 2012}) 14. Rfd1 Kg7 15. Nd5 f6 {[#]} (15... Be6 $16 16. Rac1 (16. Qxe7 Qxe7 17. Nxe7 dxc5 $14) 16... Rb8 17. cxd6 (17. Qxe7 Qxe7 18. Nxe7 dxc5 $14) 17... Nxd6) 16. Qe3 $1 $18 dxc5 $2 (16... Rf7 {is a better defense.} 17. Nb6 Rb8 18. Nxc8 Qxc8) 17. Nxe7 {White is clearly winning.} Qb6 (17... Bd7 $142 18. Bxb7 (18. Qxc5 Rf7 $18) 18... Ra7) 18. Nxc8 {Threatening mate with Rd7+.} Rxc8 19. Rd7+ Rf7 20. Rad1 {Precision: White = 86%, Black = 38%.} 1-0

[Event "25th Troya Open 2017"]
[Site "Canakkale"]
[Date "2017.08.11"]
[Round "7.7"]
[White "Karaahmetoglu, Ege"]
[Black "Inan, Canberk"]
[Result "1/2-1/2"]
[WhiteElo "2086"]
[BlackElo "1777"]
[Annotator "NA RC"]
[PlyCount "84"]
[EventCountry "TUR"]
[SourceTitle "playchess.com"]
[Source "ChessBase"]
[SourceQuality "1"]
[TimeControl "5400+30"]

{[%evp 12,79,0,4,-8,-24,19,29,21,16,50,0,-15,6,5,0,0,3,14,-49,-9,0,-10,-12,18,1,41,4,35,-400,32767,32767,32767,-14,0,-17,-17,-25,-40,-48,-43,-49,-48,-83,-52,-56,-3,-7,20,17,17,10,13,0,0,-27,-18,-22,30,12,11,0,0,-10,-6,-8,-8,-19,-15,-15]} 1. e4 {[%emt 0:00:30]} Nf6 {[%emt 0:01:00]} 2. Nc3 {[%emt 0:00:30]} d5 {[%emt 0:00:30]} 3. exd5 {[%emt 0:00:30]} Nxd5 {[%emt 0:00:30]} 4. d4 {[%emt 0:00:30]} Nxc3 {[%emt 0:00:30]} 5. bxc3 {[%emt 0:00:30]} g6 {[%emt 0:00:00]} 6. Nf3 {[%emt 0:02:30]} Bg7 {[%emt 0:00:00] LiveBook: 13 Games} 7. Ba3 {[%emt 0:01:30] B02: Alekhine's Defence: Chase Variation and lines with early Nc3} O-O {[%emt 0:02:30]} 8. Bc4 {[%emt 0:01:30]} (8. Be2 Nd7 9. O-O Nb6 10. Re1 Re8 11. Bd3 c6 12. Qd2 Qc7 13. h3 Be6 14. Rxe6 fxe6 {½-½ (47) Peng,D (2270)-Colas,J (2323) Chicago 2017}) 8... c6 $146 {[%emt 0:09:30]} ({Predecessor:} 8... Nc6 9. O-O Na5 10. Bd3 Re8 11. Re1 Be6 12. Bb4 Nc6 13. Rxe6 fxe6 14. Ng5 Qd5 15. Qg4 Nxb4 16. cxb4 Bxd4 {1-0 (61) Ranfagni,S (2034)-Lazzaroni,F (1622) Castelli Calepio 2007}) 9. O-O {[%emt 0:01:30]} Re8 {[%emt 0:02:30]} 10. Re1 {[%emt 0:02:30]} e6 {[%emt 0:01:30]} 11. Qd2 {[%emt 0:03:30]} Nd7 {[%emt 0:04:30]} 12. Rad1 {[%emt 0:06:30]} b5 {[%emt 0:05:30]} 13. Bd3 {[%emt 0:00:00]} Qc7 {[%emt 0:07:30]} 14. Qg5 {[%emt 0:13:00]} Bb7 {[%emt 0:07:30]} 15. c4 {[%emt 0:02:30]} Bf6 {[%emt 0:03:30]} (15... c5 $5) 16. Qg3 {[%emt 0:02:30]} Qxg3 {[%emt 0:07:30]} 17. hxg3 {[%emt 0:00:00]} bxc4 {[%emt 0:01:30]} 18. Bxc4 {[%emt 0:00:00]} Nb6 {[%emt 0:00:30]} 19. Bf1 {[%emt 0:03:30]} Be7 {[%emt 0:07:30]} 20. Bxe7 {[%emt 0:05:30]} (20. Ne5 $2 {[%emt 0:05:30][%mdl 8192]}) (20. Re3 $14 {keeps the upper hand.}) 20... Rxe7 {[%emt 0:00:30]} 21. Ne5 {[%emt 0:00:30]} Rd8 {[%emt 0:00:30]} 22. Be2 {[%emt 0:03:30]} f6 {[%emt 0:06:30]} 23. Ng4 {[%emt 0:01:30]} Kg7 {[%emt 0:00:30]} 24. Bf3 {[%emt 0:00:30]} h5 {[%emt 0:01:30]} 25. Ne3 {[%emt 0:00:30]} Red7 {[%emt 0:01:30]} 26. c3 {[%emt 0:00:00]} Na4 {[%emt 0:02:30]} 27. Nc2 {[%emt 0:05:00]} Nxc3 {[%emt 0:05:30]} 28. Rd3 {[%emt 0:00:30]} Nd5 {[%emt 0:01:30]} ({Don't blunder} 28... Nxa2 $2 29. Ra3 $18) (28... Nb5 $15 29. Rb3 Rc7) 29. Rxe6 {[%emt 0:00:30]} Nc7 {[%emt 0:02:59]} 30. Re1 {[%emt 0:00:30]} Kf7 {[%emt 0:00:56]} 31. Rb3 {[%emt 0:02:30]} Ne6 {[%emt 0:02:06]} 32. Be2 {[%emt 0:00:30]} c5 {[%emt 0:01:22]} 33. Rxb7 {[%emt 0:15:30]} Rxb7 {[%emt 0:00:02]} 34. Bc4 {[%emt 0:00:00]} cxd4 {[%emt 0:00:12]} 35. Rxe6 {[%emt 0:00:00]} Kg7 {[%emt 0:01:21]} 36. Bd3 {[%emt 0:00:00]} Rb1+ {[%emt 0:01:42]} 37. Ne1 {[%emt 0:01:00]} Ra1 {[%emt 0:00:26]} 38. Re2 {[%emt 0:01:30]} Rc8 {[%emt 0:00:23]} 39. f4 {[%emt 0:01:30]} Rc3 {[%emt 0:00:40]} 40. Kf2 $11 {[%emt 0:00:30]} Rxe1 {[%emt 0:02:53]} 41. Rxe1 {[%emt 0:00:30]} Rxd3 {[%emt 0:00:30]} 42. Re7+ {[%emt 0:00:30]} Kh6 {[%emt 0:01:53]} 1/2-1/2

[Event "25th Troya Open 2017"]
[Site "Canakkale"]
[Date "2017.08.11"]
[Round "7.8"]
[White "Sahin, Handenur"]
[Black "Sevgi, Volkan"]
[Result "0-1"]
[WhiteElo "1910"]
[BlackElo "2213"]
[Annotator "TA"]
[PlyCount "96"]
[EventCountry "TUR"]
[SourceTitle "playchess.com"]
[Source "ChessBase"]
[SourceQuality "1"]

{[%evp 13,96,12,15,13,26,16,33,13,41,41,36,9,95,79,100,104,108,102,139,137,138,132,143,100,136,125,132,129,147,133,135,94,124,93,107,79,75,66,100,77,83,83,71,76,170,168,192,181,465,463,467,451,460,442,586,564,519,294,306,-323,-183,-176,-178,-1282,-1317,-1267,-1231,-1422,-1408,-1391,-1377,-1864,-1673,-1590,-1600,-1531,-1429,-29990,-29991,-29992,-29993,-29993,-29994,-29998,-29999]} 1. e4 c6 2. d4 d5 3. Nc3 dxe4 4. Nxe4 Nd7 5. Nf3 Ngf6 6. Ng3 e6 7. Bd3 c5 8. Qe2 {B17: Caro-Kann: Modern Line (4...Nd7)} (8. O-O Be7 9. b3 O-O 10. c4 cxd4 {½-½ (10) Mista,A (2567)-Berkes,F (2650) Hastings 2016}) 8... a6 9. c3 $146 ({Predecessor:} 9. a4 cxd4 10. Nxd4 Nc5 11. Nf3 Nxd3+ 12. cxd3 Bb4+ 13. Bd2 Qa5 14. O-O Bxd2 15. Nxd2 O-O {½-½ (46) Mahmutbegovic,M (2089)-Alihodzic,M Gorazde 2008}) 9... cxd4 10. Nxd4 {White is slightly better.} Be7 (10... Bc5 {feels hotter.} 11. O-O O-O 12. Re1 h6 13. Nf3 b5) 11. O-O O-O 12. Rd1 Qe8 (12... Qc7 $11 {remains equal.}) 13. Re1 $16 Bd6 14. Bg5 $36 {[%cal Bc1g5,Bg5h4,Bh4g3][%mdl 2080] White has strong initiative.} h6 15. Ne4 Be7 16. Bh4 Nd5 {[#]} 17. Bg3 $1 N7f6 18. a3 Nxe4 19. Bxe4 (19. Qxe4 $6 f5 $14) 19... Nf6 20. Bc2 Bd7 21. Rad1 Rc8 22. Bh4 g6 23. Qd2 Rc5 24. b4 (24. Qxh6 $2 Rh5 $19) 24... Rh5 25. Bg3 b5 26. Bb3 {[%cal Bc2b3,Bb3c4,Bc4e2,Be2f3][%mdl 32]} Kh7 27. c4 bxc4 28. Bxc4 Qa8 {[#]} (28... Bb5 $16 {was called for.} 29. Bxb5 axb5) 29. Be2 $1 $18 Ne4 30. Qe3 Rg5 $2 (30... Nxg3 31. hxg3 (31. fxg3 Rd5 $16) (31. Qxg3 Rg5 $11) 31... Rg5) 31. Bf3 f5 {[#]} 32. Nxf5 $1 {[%mdl 512]} gxf5 (32... exf5 33. Rxd7) 33. Rxd7 Qe8 34. Qa7 Rf7 35. h4 Rxg3 36. Rc1 $4 {[%mdl 8192] [#]} (36. fxg3 $18 Bc5+ 37. bxc5 Rxd7 38. Qb6) 36... Rxf3 $1 37. Rcc7 $19 {[%cal Rd7e7]} (37. gxf3 Nf6) 37... Rc3 {aiming for ...Rxc7.} 38. Rb7 $2 (38. Rxe7 Rxc7 39. Rxc7 Rxc7 40. Qxc7+ Kg6 41. Qc4) 38... Rc1+ 39. Kh2 Bd6+ 40. g3 Rxd7 41. Rxd7+ Kg8 42. Rg7+ Kf8 43. Rh7 Be5 44. Qe3 Qg6 {( -> ...Bxg3+)} 45. Rxh6 {[#]} Bxg3+ $1 {Black mates.} 46. fxg3 Rc2+ 47. Kh1 Qg7 48. h5 Qa1+ {Precision: White = 52%, Black = 35%.} 0-1

[Event "25th Troya Open 2017"]
[Site "Canakkale"]
[Date "2017.08.11"]
[Round "7.9"]
[White "Sar, Can"]
[Black "Konusoglu, Kemal Safa"]
[Result "1-0"]
[WhiteElo "1619"]
[BlackElo "1555"]
[Annotator "NA RC"]
[PlyCount "65"]
[EventCountry "TUR"]
[SourceTitle "playchess.com"]
[Source "ChessBase"]
[SourceQuality "1"]
[TimeControl "5400+30"]

1. e4 {[%emt 0:00:30]} c5 {[%emt 0:01:00]} 2. Nf3 {[%emt 0:00:30]} Nc6 {[%emt 0:00:30]} 3. Nc3 {[%emt 0:00:30]} Nf6 {[%emt 0:00:30]} 4. d4 {[%emt 0:00:30]} cxd4 {[%emt 0:00:30]} 5. Nxd4 {[%emt 0:00:30]} e5 {[%emt 0:00:00]} 6. Ndb5 {[%emt 0:02:30]} d6 {[%emt 0:00:00]} 7. Bg5 {[%emt 0:03:30]} a6 {[%emt 0:00:00]} 8. Na3 {[%emt 0:04:30]} b5 {[%emt 0:00:00]} 9. Nd5 {[%emt 0:00:30]} Be7 {[%emt 0:00:00]} 10. Bxf6 {[%emt 0:02:30]} Bxf6 {[%emt 0:00:00]} 11. Bd3 {[%emt 0:01:30]} O-O {[%emt 0:00:00]} 12. O-O {[%emt 0:00:00]} Bg5 {[%emt 0:01:00]} 13. c4 {[%emt 0:08:00]} b4 {[%emt 0:01:30]} 14. Nc2 {[%emt 0:00:30]} a5 {[%emt 0:00:30]} 15. Nce3 {[%emt 0:11:30]} Be6 {[%emt 0:00:30]} 16. Nf5 {[%emt 0:04:30]} g6 {[%emt 0:06:30]} 17. Nfe3 {[%emt 0:02:30]} Ne7 {[%emt 0:01:30]} 18. Qf3 {[%emt 0:01:30]} Bxd5 {[%emt 0:05:30]} 19. cxd5 {[%emt 0:01:30]} f5 {[%emt 0:12:30]} 20. exf5 {[%emt 0:01:30]} Bxe3 {[%emt 0:00:30]} 21. fxe3 {[%emt 0:04:30]} Nxf5 {[%emt 0:05:30]} 22. Qh3 {[%emt 0:00:30]} Qg5 {[%emt 0:03:30]} 23. Rf3 {[%emt 0:05:30]} Rae8 {[%emt 0:04:30]} 24. Be4 {[%emt 0:00:30]} Nh4 {[%emt 0:16:30]} 25. Rff1 {[%emt 0:03:30]} Nf5 {[%emt 0:06:30]} 26. Rae1 {[%emt 0:01:30]} Rf7 {[%emt 0:02:30]} 27. Rf3 {[%emt 0:05:30]} Ref8 {[%emt 0:07:30]} 28. Ref1 {[%emt 0:07:30]} Nxe3 {[%emt 0:19:22]} 29. Rxf7 {[%emt 0:00:30]} Rxf7 {[%emt 0:00:00]} 30. Rxf7 {[%emt 0:00:30]} Kxf7 {[%emt 0:00:00]} 31. Qxh7+ {[%emt 0:00:00]} Kf8 {[%emt 0:00:41]} 32. h4 {[%emt 0:05:00]} Qf6 {[%emt 0:02:31]} 33. Qh6+ {[%emt 0:00:30]} 1-0

[Event "25th Troya Open 2017"]
[Site "Canakkale"]
[Date "2017.08.11"]
[Round "7.10"]
[White "Sozen, Abdullah"]
[Black "Var, Sefa"]
[Result "1-0"]
[WhiteElo "1629"]
[BlackElo "1626"]
[Annotator "NA RC"]
[PlyCount "67"]
[EventCountry "TUR"]
[SourceTitle "playchess.com"]
[Source "ChessBase"]
[SourceQuality "1"]
[TimeControl "5400+30"]

1. d4 {[%emt 0:00:30]} d5 {[%emt 0:01:00]} 2. Nf3 {[%emt 0:00:30]} Nf6 {[%emt 0:00:30]} 3. Bg5 {[%emt 0:00:00]} Ne4 {[%emt 0:03:30]} 4. Bf4 {[%emt 0:00:00]} c5 {[%emt 0:05:30]} 5. c3 {[%emt 0:02:30]} Nc6 {[%emt 0:04:30]} 6. e3 {[%emt 0:01:30]} Qb6 {[%emt 0:04:30]} 7. Qc2 {[%emt 0:02:30]} Bf5 {[%emt 0:00:30]} 8. dxc5 {[%emt 0:09:30]} Qxc5 {[%emt 0:02:30]} 9. Qb3 {[%emt 0:04:30]} b6 {[%emt 0:21:30]} 10. Bb5 {[%emt 0:10:30]} a6 {[%emt 0:00:30]} 11. Bxc6+ {[%emt 0:00:30]} Qxc6 {[%emt 0:00:30]} 12. Nd4 {[%emt 0:00:30]} Qd7 {[%emt 0:05:30]} 13. Nxf5 {[%emt 0:01:30]} Qxf5 {[%emt 0:00:30]} 14. Qxb6 {[%emt 0:00:30]} Qd7 {[%emt 0:02:30]} 15. f3 {[%emt 0:02:30]} Nf6 {[%emt 0:01:30]} 16. O-O {[%emt 0:02:30]} e6 {[%emt 0:00:30]} 17. Nd2 {[%emt 0:01:30]} Be7 {[%emt 0:03:30]} 18. Qc7 {[%emt 0:01:30]} Qxc7 {[%emt 0:00:30]} 19. Bxc7 {[%emt 0:00:30]} Kd7 {[%emt 0:00:30]} 20. Bg3 {[%emt 0:00:00]} Nh5 {[%emt 0:03:30]} 21. Bf2 {[%emt 0:00:00]} Rab8 {[%emt 0:00:30]} 22. b3 {[%emt 0:01:30]} Rhc8 {[%emt 0:00:30]} 23. c4 {[%emt 0:01:30]} Bb4 {[%emt 0:05:30]} 24. Rfd1 {[%emt 0:01:30]} Nf6 {[%emt 0:01:30]} 25. e4 {[%emt 0:04:30]} Ke8 {[%emt 0:04:30]} 26. exd5 {[%emt 0:01:30]} exd5 {[%emt 0:00:30]} 27. cxd5 {[%emt 0:01:30]} Nxd5 {[%emt 0:01:30]} 28. Nc4 {[%emt 0:02:30]} Rd8 {[%emt 0:03:30]} 29. Kf1 {[%emt 0:03:30]} f6 {[%emt 0:01:30]} 30. Rac1 {[%emt 0:03:30]} Rb7 {[%emt 0:08:49]} 31. a3 {[%emt 0:02:30]} Be7 {[%emt 0:00:19]} 32. b4 {[%emt 0:00:30]} Nf4 {[%emt 0:01:22]} 33. Rxd8+ {[%emt 0:01:30]} Bxd8 {[%emt 0:00:16]} 34. Nd6+ {[%emt 0:00:30]} 1-0

[Event "25th Troya Open 2017"]
[Site "Canakkale"]
[Date "2017.08.11"]
[Round "7.11"]
[White "Vursan, Emre Can"]
[Black "Aydogdu, Selcan Ayberk"]
[Result "1-0"]
[WhiteElo "1696"]
[BlackElo "1539"]
[Annotator "NA RC"]
[PlyCount "111"]
[EventCountry "TUR"]
[SourceTitle "playchess.com"]
[Source "ChessBase"]
[SourceQuality "1"]
[TimeControl "5400+30"]

1. d4 {[%emt 0:12:30]} Nf6 {[%emt 0:01:00]} 2. Nc3 {[%emt 0:00:30]} d5 {[%emt 0:00:30]} 3. Bg5 {[%emt 0:00:00]} Nbd7 {[%emt 0:00:30]} 4. f3 {[%emt 0:01:00]} e6 {[%emt 0:01:30]} 5. e4 {[%emt 0:00:30]} Be7 {[%emt 0:01:30]} 6. e5 {[%emt 0:00:00]} Ng8 {[%emt 0:01:30]} 7. Bxe7 {[%emt 0:00:00]} Nxe7 {[%emt 0:00:30]} 8. Bd3 {[%emt 0:00:30]} a6 {[%emt 0:00:30]} 9. Qd2 {[%emt 0:00:00]} c5 {[%emt 0:01:30]} 10. dxc5 {[%emt 0:01:00]} Nxe5 {[%emt 0:01:30]} 11. Nge2 {[%emt 0:06:30]} Bd7 {[%emt 0:03:30]} 12. O-O {[%emt 0:00:30]} Rc8 {[%emt 0:09:30]} 13. Qe3 {[%emt 0:01:30]} Qc7 {[%emt 0:04:30]} 14. b4 {[%emt 0:01:30]} O-O {[%emt 0:02:30]} 15. Nc1 {[%emt 0:32:30]} Rfd8 {[%emt 0:10:30]} 16. N3e2 {[%emt 0:01:30]} Bc6 {[%emt 0:07:30]} 17. Nd4 {[%emt 0:03:30]} N5g6 {[%emt 0:04:30]} 18. f4 {[%emt 0:02:30]} Re8 {[%emt 0:06:30]} 19. Ncb3 {[%emt 0:04:30]} e5 {[%emt 0:03:30]} 20. fxe5 {[%emt 0:00:30]} Nxe5 {[%emt 0:01:30]} 21. Qh3 {[%emt 0:03:30]} Nxd3 {[%emt 0:02:30]} 22. cxd3 {[%emt 0:00:30]} Ng6 {[%emt 0:05:30]} 23. Nxc6 {[%emt 0:07:47]} bxc6 {[%emt 0:01:30]} 24. Rae1 {[%emt 0:01:07]} Rcd8 {[%emt 0:03:30]} 25. Nd4 {[%emt 0:01:36]} Re5 {[%emt 0:05:30]} 26. Rxe5 {[%emt 0:01:37]} Nxe5 {[%emt 0:00:00]} 27. Nf5 {[%emt 0:01:30]} Ng6 {[%emt 0:04:33]} 28. Nd6 {[%emt 0:00:32]} Rf8 {[%emt 0:01:27]} 29. Qf5 {[%emt 0:01:37]} Qe7 {[%emt 0:02:02]} 30. Qf2 {[%emt 0:03:22]} Ne5 {[%emt 0:00:30]} 31. Qg3 {[%emt 0:00:30]} f6 {[%emt 0:00:30]} 32. Nf5 {[%emt 0:00:30]} Qd7 {[%emt 0:00:30]} 33. Nh6+ {[%emt 0:00:30]} Kh8 {[%emt 0:00:30]} 34. Qxe5 {[%emt 0:04:40]} Re8 {[%emt 0:06:47]} 35. Qf5 {[%emt 0:00:30]} Qxf5 {[%emt 0:00:30]} 36. Nxf5 {[%emt 0:00:30]} Re2 {[%emt 0:00:30]} 37. a3 {[%emt 0:00:30]} Ra2 {[%emt 0:00:30]} 38. Re1 {[%emt 0:00:30]} h6 {[%emt 0:01:38]} 39. Re8+ {[%emt 0:00:00]} Kh7 {[%emt 0:00:12]} 40. Re7 {[%emt 0:00:00]} Kg6 {[%emt 0:01:05]} 41. Nd4 {[%emt 0:00:25]} Rxa3 {[%emt 0:01:00]} 42. Re3 {[%emt 0:00:04]} a5 {[%emt 0:00:02]} 43. Nxc6 {[%emt 0:00:37]} a4 {[%emt 0:00:14]} 44. Ne7+ {[%emt 0:00:12]} Kf7 {[%emt 0:00:13]} 45. Nxd5 {[%emt 0:00:04]} Ra1+ {[%emt 0:00:03]} 46. Kf2 {[%emt 0:00:37]} a3 {[%emt 0:00:08]} 47. Re7+ {[%emt 0:00:10]} Kf8 {[%emt 0:00:15]} 48. Ra7 {[%emt 0:00:28]} Rh1 {[%emt 0:00:22]} 49. c6 {[%emt 0:00:07]} Rc1 {[%emt 0:00:09]} 50. c7 {[%emt 0:00:14]} Rc2+ {[%emt 0:00:07]} 51. Kf3 {[%emt 0:00:04]} a2 {[%emt 0:00:11]} 52. Rxa2 {[%emt 0:00:08]} Rxa2 {[%emt 0:00:33]} 53. c8=Q+ {[%emt 0:00:06]} Kf7 {[%emt 0:00:00]} 54. Qd7+ {[%emt 0:00:17]} Kg6 {[%emt 0:00:00]} 55. Nf4+ {[%emt 0:00:06]} Kg5 {[%emt 0:00:00]} 56. Qg4# {[%emt 0:00:07]} 1-0